00384 2200169 4500001002100000005001500021035002000036082000800056084001400064100001600078245001500094250000900109260003800118300003700156650001000193990001100203INLIS00000000000156220200303075314 a0010-0320000001 a813 a813 AJI s0 aAjib Rosidi1 aSi Kabayan aEd 4 aJakarta :bPT Gunung Agung,c1985 a167 Hal. :bTeks ;c14,5 x 21 cm aNovel a001184